| 000 | 00358nam a22001337a 4500 | ||
|---|---|---|---|
| 020 | _qPB. | ||
| 040 | _cFIZZA ISHAQ | ||
| 082 |
_a526.9 _bSAT |
||
| 100 |
_aGOPI,SATHEESH. _963551 |
||
| 245 |
_aADVANCED SURVEYING TOTAL STATION GPS GIS AND REMOTE SENSING / _cSATHEESH GOPI. |
||
| 260 |
_aNEW DEHLI ; _bPEARSON, _c2015. |
||
| 300 | _a352 P. ; | ||
| 942 |
_2ddc _cBK |
||
| 999 |
_c589745 _d589745 |
||